[Event "GX Alekhine Torneio Interno 2024"]
[Site "Lisboa, Portugal"]
[Date "????.??.??"]
[Round "6.4"]
[White "Costa, Goncalo Martins Paulo da Costa"]
[Black "Morais, Vitor Mestre"]
[Result "1-0"]
[WhiteElo "1764"]
[BlackElo "1816"]
[PlyCount "73"]

1. d4 {[%emt 0:01:41]} Nf6 {[%emt 0:00:12]} 2. Bf4 {[%emt 0:00:07]} g6 {[%emt 0:00:13]} 3. Nf3 {[%emt 0:00:12]} Bg7 {[%emt 0:00:07]} 4. c3 {[%emt 0:00:28]} d6 {[%emt 0:00:05]} 5. Nbd2 {[%emt 0:00:32]} Nbd7 {[%emt 0:00:14]} 6. e4 {[%emt 0:00:30]} c5 {[%emt 0:00:45]} 7. Be2 {[%emt 0:04:13]} O-O {[%emt 0:00:16]} 8. h3 {[%emt 0:01:42]} b6 9. O-O {[%emt 0:02:00]} Bb7 {[%emt 0:00:05]} 10. Qb1 {[%emt 0:02:28]} Rc8 {[%emt 0:00:12]} 11. d5 {[%emt 0:01:52]} Ne8 {[%emt 0:00:59]} 12. Qd3 {[%emt 0:05:07]} Ne5 13. Nxe5 dxe5 14. Bh2 Nd6 15. c4 Rc7 {[%emt 0:07:45]} 16. Rab1 {[%emt 0:01:35]} Bc8 {[%emt 0:00:20]} 17. f4 {[%emt 0:01:11]} exf4 {[%emt 0:03:47]} 18. Bxf4 {[%emt 0:01:33]} Rb7 {[%emt 0:00:12]} 19. Qg3 {[%emt 0:02:05]} Kh8 20. Bd3 f6 21. e5 Nf5 22. Bxf5 {[%emt 0:25:57]} Bxf5 23. Rbe1 fxe5 24. Bxe5 Bf6 25. Ne4 Rd7 26. Qc3 Kg8 27. Bxf6 {[%emt 0:17:20]} exf6 {[%emt 0:00:14]} 28. Ng3 {[%emt 0:06:05]} Rg7 {[%emt 0:02:29]} 29. Nxf5 {[%emt 0:00:53]} gxf5 {[%emt 0:00:12]} 30. Rxf5 Rg6 {[%emt 0:00:58]} 31. Re6 {[%emt 0:01:46]} h6 {[%emt 0:01:21]} 32. Qe3 {[%emt 0:00:21]} Qd7 {[%emt 0:00:36]} 33. Rf2 {[%emt 0:03:54]} Qg7 {[%emt 0:00:30]} 34. Re7 {[%emt 0:01:31]} Rf7 {[%emt 0:01:00]} 35. d6 {[%emt 0:01:13]} Kh7 36. Re2 f5 37. Rxf7 1-0

[Event "GX Alekhine Torneio Interno 2024"]
[Site "Lisboa, Portugal"]
[Date "????.??.??"]
[Round "7.2"]
[White "Corentin, Louis"]
[Black "Sousa, Joao Alexandre Coutinho Dinis De"]
[Result "0-1"]
[WhiteElo "2066"]
[BlackElo "2127"]
[PlyCount "101"]

1. f4 {[%emt 0:00:03]} d5 {[%emt 0:07:23]} 2. Nf3 {[%emt 0:00:12]} Nf6 {[%emt 0:00:08]} 3. g3 {[%emt 0:00:10]} g6 {[%emt 0:00:11]} 4. Bg2 {[%emt 0:00:09]} Bg7 {[%emt 0:00:15]} 5. d3 {[%emt 0:00:12]} O-O {[%emt 0:00:16]} 6. O-O {[%emt 0:00:09]} c5 {[%emt 0:00:24]} 7. Qe1 {[%emt 0:00:18]} Nc6 {[%emt 0:00:27]} 8. e4 {[%emt 0:01:01]} dxe4 {[%emt 0:00:56]} 9. dxe4 {[%emt 0:00:09]} e5 {[%emt 0:00:06]} 10. Nc3 {[%emt 0:02:02]} Nd4 {[%emt 0:01:49]} 11. Nxd4 {[%emt 0:02:57]} cxd4 {[%emt 0:08:29]} 12. fxe5 {[%emt 0:12:29]} dxc3 {[%emt 0:04:10]} 13. exf6 {[%emt 0:01:16]} cxb2 {[%emt 0:05:10]} 14. Bxb2 {[%emt 0:00:14]} Qb6+ {[%emt 0:00:09]} 15. Rf2 {[%emt 0:11:27]} Qxb2 {[%emt 0:01:17]} 16. fxg7 {[%emt 0:02:13]} Kxg7 {[%emt 0:02:25]} 17. c3 {[%emt 0:04:35]} Qb6 {[%emt 0:02:39]} 18. Rb1 {[%emt 0:15:05]} Qc7 {[%emt 0:02:55]} 19. Qe3 {[%emt 0:04:08]} b6 {[%emt 0:10:33]} 20. e5 {[%emt 0:11:14]} Bb7 {[%emt 0:05:38]} 21. Bxb7 {[%emt 0:08:47]} Qxb7 {[%emt 0:00:03]} 22. e6 {[%emt 0:01:40]} Rae8 {[%emt 0:03:18]} 23. Qd4+ {[%emt 0:04:21]} f6 {[%emt 0:01:55]} 24. Re1 {[%emt 0:01:05]} Re7 {[%emt 0:02:44]} 25. g4 {[%emt 0:02:46]} Qc6 {[%emt 0:04:02]} 26. Rfe2 {[%emt 0:08:55]} Rfe8 {[%emt 0:08:13]} 27. g5 {[%emt 0:02:32]} Rxe6 {[%emt 0:00:32]} 28. gxf6+ {[%emt 0:00:10]} Kf7 {[%emt 0:00:22]} 29. Rxe6 {[%emt 0:00:36]} Rxe6 {[%emt 0:00:06]} 30. Rxe6 {[%emt 0:00:12]} Qxe6 {[%emt 0:00:11]} 31. Qa4 {[%emt 0:01:30]} a5 {[%emt 0:01:01]} 32. Qh4 {[%emt 0:00:35]} h5 {[%emt 0:02:03]} 33. Qf4 {[%emt 0:01:16]} Qe1+ {[%emt 0:02:37]} 34. Kg2 {[%emt 0:00:10]} Qxc3 {[%emt 0:00:18]} 35. Qd6 {[%emt 0:01:01]} Qb2+ {[%emt 0:01:28]} 36. Kg3 {[%emt 0:00:31]} Qxf6 {[%emt 0:00:16]} 37. Qc7+ {[%emt 0:00:10]} Kg8 {[%emt 0:00:26]} 38. h3 {[%emt 0:01:07]} Qg5+ {[%emt 0:04:04]} 39. Kh2 {[%emt 0:01:14]} Qc5 {[%emt 0:03:02]} 40. Qd8+ {[%emt 0:00:11]} Kg7 {[%emt 0:01:32]} 41. Kg3 {[%emt 0:00:14]} Qa3+ {[%emt 0:04:50]} 42. Kh4 {[%emt 0:00:33]} Qf8 {[%emt 0:04:41]} 43. Qd7+ {[%emt 0:00:14]} Qf7 {[%emt 0:00:14]} 44. Qd2 {[%emt 0:00:12]} b5 {[%emt 0:01:26]} 45. Kg3 {[%emt 0:00:22]} b4 {[%emt 0:00:30]} 46. Qd8 {[%emt 0:01:28]} Qf5 {[%emt 0:04:40]} 47. Qd2 {[%emt 0:00:49]} Qe5+ {[%emt 0:00:23]} 48. Kf3 {[%emt 0:00:43]} Qc3+ {[%emt 0:00:34]} 49. Qxc3+ {[%emt 0:00:07]} bxc3 {[%emt 0:00:10]} 50. Ke3 {[%emt 0:00:01]} g5 {[%emt 0:00:18]} 51. Ke2 {[%emt 0:00:24]} 0-1

[Event "GX Alekhine Torneio Interno 2024"]
[Site "Lisboa, Portugal"]
[Date "????.??.??"]
[Round "7.4"]
[White "Silva, Reinaldo Joao David Batista Da"]
[Black "Reis, Pedro Rafael Melo Dos"]
[Result "1/2-1/2"]
[WhiteElo "1760"]
[BlackElo "1627"]
[PlyCount "50"]

1. Nf3 {[%emt 0:00:03]} d5 {[%emt 0:00:09]} 2. g3 Nd7 3. d4 Nb6 4. Bg2 Bf5 5. O-O e6 6. Nbd2 Be7 {[%emt 0:05:20]} 7. c3 h6 8. b4 a5 {[%emt 0:26:11]} 9. bxa5 Rxa5 10. Ne5 Nf6 11. c4 c6 12. Re1 O-O {[%emt 0:56:34]} 13. cxd5 exd5 14. Nb3 Ra8 15. f3 Re8 16. g4 Bh7 17. Bf4 Nfd7 18. Qc1 Nf8 19. e4 Ne6 20. Be3 Bf6 {[%emt 1:19:48]} 21. exd5 Nxd5 22. f4 Nb4 23. Qc4 Nd5 {[%emt 0:05:26]} 24. f5 Nec7 25. Bf2 Qd6 1/2-1/2

[Event "GX Alekhine Torneio Interno 2024"]
[Site "Lisboa, Portugal"]
[Date "????.??.??"]
[Round "7.1"]
[White "Duque, Raquel Dos Santos"]
[Black "Silva, Lourenco Santa Clara Rebelo Da"]
[Result "0-1"]
[WhiteElo "1667"]
[BlackElo "1747"]
[PlyCount "138"]

1. c4 {[%emt 0:00:03]} e5 {[%emt 0:00:07]} 2. Nc3 {[%emt 0:00:08]} Nf6 {[%emt 0:00:05]} 3. Nf3 {[%emt 0:00:08]} Nc6 {[%emt 0:00:16]} 4. g3 {[%emt 0:00:15]} d5 {[%emt 0:02:01]} 5. cxd5 {[%emt 0:00:10]} Nxd5 {[%emt 0:00:06]} 6. Bg2 {[%emt 0:00:10]} Be6 {[%emt 0:01:45]} 7. O-O {[%emt 0:01:26]} Nb6 {[%emt 0:06:47]} 8. d3 {[%emt 0:04:26]} f6 {[%emt 0:05:26]} 9. Be3 {[%emt 0:04:27]} Nd4 {[%emt 0:11:28]} 10. Rc1 {[%emt 0:07:54]} c6 {[%emt 0:14:34]} 11. Ne4 {[%emt 0:21:00]} Qd7 {[%emt 0:07:42]} 12. Nc5 {[%emt 0:13:13]} Bxc5 {[%emt 0:00:59]} 13. Rxc5 {[%emt 0:00:05]} O-O {[%emt 0:03:44]} 14. b3 {[%emt 0:01:33]} a5 {[%emt 0:05:11]} 15. Rc1 {[%emt 0:06:33]} a4 {[%emt 0:01:26]} 16. Nd2 {[%emt 0:00:07]} axb3 {[%emt 0:03:55]} 17. axb3 {[%emt 0:00:06]} Ra2 {[%emt 0:02:00]} 18. Re1 {[%emt 0:02:26]} Rxd2 {[%emt 0:08:34]} 19. Qxd2 {[%emt 0:00:09]} Nxb3 {[%emt 0:00:05]} 20. Qb2 {[%emt 0:04:12]} Na4 {[%emt 0:03:19]} 21. Qa3 {[%emt 0:01:15]} Nxc1 {[%emt 0:00:54]} 22. Rxc1 {[%emt 0:01:28]} Ra8 {[%emt 0:00:28]} 23. Qb4 {[%emt 0:01:40]} Bd5 {[%emt 0:01:25]} 24. Bxd5+ {[%emt 0:02:05]} cxd5 {[%emt 0:00:17]} 25. Rb1 {[%emt 0:00:33]} d4 {[%emt 0:01:27]} 26. Bd2 {[%emt 0:00:22]} b6 {[%emt 0:00:43]} 27. e3 {[%emt 0:10:26]} Qd5 {[%emt 0:02:48]} 28. exd4 {[%emt 0:00:59]} exd4 {[%emt 0:00:49]} 29. Qb3 {[%emt 0:03:25]} Qxb3 {[%emt 0:00:58]} 30. Rxb3 {[%emt 0:00:05]} Nc5 {[%emt 0:03:21]} 31. Rxb6 {[%emt 0:01:03]} Nxd3 {[%emt 0:00:27]} 32. Rd6 {[%emt 0:00:46]} Ra2 {[%emt 0:02:07]} 33. Bf4 {[%emt 0:00:21]} g5 {[%emt 0:01:57]} 34. Rxd4 {[%emt 0:02:31]} Ra1+ {[%emt 0:00:09]} 35. Kg2 {[%emt 0:00:29]} Ne1+ {[%emt 0:00:13]} 36. Kh3 {[%emt 0:00:11]} gxf4 {[%emt 0:00:35]} 37. Rxf4 {[%emt 0:00:18]} Kf7 {[%emt 0:02:29]} 38. Kg4 {[%emt 0:00:22]} Nd3 {[%emt 0:00:15]} 39. Rd4 {[%emt 0:02:44]} Nxf2+ {[%emt 0:02:31]} 40. Kh5 {[%emt 0:00:06]} Ra5+ {[%emt 0:00:52]} 41. Kh6 {[%emt 0:00:12]} Rg5 {[%emt 0:00:28]} 42. Rd7+ {[%emt 0:00:46]} Ke6 {[%emt 0:00:06]} 43. Rd2 {[%emt 0:00:11]} Ng4+ {[%emt 0:01:33]} 44. Kxh7 {[%emt 0:00:23]} Rh5+ {[%emt 0:00:33]} 45. Kg6 {[%emt 0:00:08]} Rxh2 {[%emt 0:00:11]} 46. Rd4 {[%emt 0:00:07]} Ne5+ {[%emt 0:00:09]} 47. Kg7 {[%emt 0:00:13]} Rg2 {[%emt 0:00:17]} 48. Rf4 {[%emt 0:00:23]} Rxg3+ {[%emt 0:00:09]} 49. Kh6 {[%emt 0:00:07]} f5 {[%emt 0:01:26]} 50. Kh5 {[%emt 0:00:08]} Rg1 {[%emt 0:02:15]} 51. Ra4 {[%emt 0:00:17]} Rh1+ {[%emt 0:00:14]} 52. Kg5 {[%emt 0:00:06]} Nf7+ {[%emt 0:00:17]} 53. Kg6 {[%emt 0:00:15]} Rg1+ {[%emt 0:00:55]} 54. Kh5 {[%emt 0:00:09]} Nd6 {[%emt 0:00:11]} 55. Ra5 {[%emt 0:00:31]} Ne4 {[%emt 0:01:09]} 56. Kh4 {[%emt 0:00:20]} Rd1 {[%emt 0:00:26]} 57. Kh3 {[%emt 0:00:21]} Rd5 {[%emt 0:00:28]} 58. Ra8 {[%emt 0:00:10]} Ke5 {[%emt 0:00:07]} 59. Kg2 {[%emt 0:00:07]} Kf4 {[%emt 0:00:30]} 60. Rf8 {[%emt 0:00:13]} Rd2+ {[%emt 0:00:11]} 61. Kg1 {[%emt 0:00:16]} Kg4 {[%emt 0:00:19]} 62. Rg8+ {[%emt 0:00:10]} Ng5 {[%emt 0:00:06]} 63. Kf1 {[%emt 0:00:09]} f4 {[%emt 0:00:21]} 64. Ke1 {[%emt 0:00:14]} Ra2 {[%emt 0:00:13]} 65. Rg7 {[%emt 0:00:05]} f3 {[%emt 0:00:25]} 66. Rg8 {[%emt 0:00:16]} Kf4 {[%emt 0:00:27]} 67. Rf8+ {[%emt 0:00:06]} Ke3 {[%emt 0:00:04]} 68. Re8+ {[%emt 0:00:28]} Ne4 {[%emt 0:00:10]} 69. Kd1 {[%emt 0:00:18]} f2 {[%emt 0:00:20]} 0-1

[Event "GX Alekhine Torneio Interno 2024"]
[Site "Lisboa, Portugal"]
[Date "????.??.??"]
[Round "7.3"]
[White "Bras, Hugo Miguel Pereira"]
[Black "Costa, Goncalo Martins Paulo da Costa"]
[Result "1/2-1/2"]
[WhiteElo "1722"]
[BlackElo "1764"]
[PlyCount "114"]

{[%evp 0,114,24,22,61,73,48,-4,39,47,46,43,51,8,-10,-9,1,-14,-7,6,21,3,17,21,28,41,34,18,18,23,21,8,14,-92,-63,-136,-107,-226,-208,-222,-222,-229,-149,-154,-161,-170,-176,-174,-186,-186,-186,-186,-169,-179,-178,-171,-170,-180,-168,-232,-232,-246,-236,-244,-244,-259,-221,-262,-265,-265,-268,-250,-246,-250,-200,-207,-214,-236,-227,-243,-133,-139,-123,-98,-110,-163,-162,-164,-182,-201,-212,-197,-213,-223,-223,-219,-226,-209,-209,-230,-225,-223,-233,-264,-270,-276,-265,-303,-243,-258,-258,-277,-277,-325,0,0,0]} 1. e4 {[%emt 0:02:27]} c6 {[%emt 0:00:08]} 2. Nf3 {[%emt 0:00:06]} d5 {[%emt 0:00:21]} 3. d3 {[%emt 0:00:05]} Bg4 {[%emt 0:00:33]} 4. h3 {[%emt 0:00:07]} Bxf3 {[%emt 0:00:21]} 5. Qxf3 {[%emt 0:00:10]} e6 {[%emt 0:00:08]} 6. g3 {[%emt 0:01:05]} Nd7 {[%emt 0:00:27]} 7. Bg2 {[%emt 0:00:17]} Ngf6 {[%emt 0:01:26]} 8. Nc3 {[%emt 0:00:50]} Bb4 {[%emt 0:01:10]} 9. O-O {[%emt 0:01:28]} Qc7 {[%emt 0:06:18]} 10. Ne2 {[%emt 0:05:11]} Ne5 {[%emt 0:07:32]} 11. Qe3 {[%emt 0:02:05]} O-O {[%emt 0:12:34]} 12. c3 {[%emt 0:00:48]} Ba5 {[%emt 0:01:32]} 13. Nd4 {[%emt 0:07:48]} Bb6 {[%emt 0:03:17]} 14. Qe2 {[%emt 0:00:14]} Ng6 {[%emt 0:01:21]} 15. a4 {[%emt 0:04:24]} Rad8 {[%emt 0:04:33]} 16. Nb3 {[%emt 0:10:22]} Qxg3 {[%emt 0:05:03]} 17. Kh1 {[%emt 0:06:14]} Qd6 {[%emt 0:06:13]} 18. d4 {[%emt 0:14:38]} dxe4 {[%emt 0:03:27]} 19. Bxe4 {[%emt 0:00:20]} Nxe4 {[%emt 0:03:01]} 20. Qxe4 {[%emt 0:00:06]} Bc7 {[%emt 0:00:59]} 21. f4 {[%emt 0:03:19]} Qd5 {[%emt 0:01:12]} 22. Qxd5 {[%emt 0:01:50]} Rxd5 {[%emt 0:01:28]} 23. Nc5 {[%emt 0:00:27]} b6 {[%emt 0:00:41]} 24. Nd3 {[%emt 0:00:06]} c5 {[%emt 0:02:49]} 25. Be3 {[%emt 0:00:17]} cxd4 {[%emt 0:01:45]} 26. cxd4 {[%emt 0:00:11]} Ne7 {[%emt 0:03:00]} 27. Rac1 {[%emt 0:04:59]} Bd6 {[%emt 0:01:55]} 28. Rc4 {[%emt 0:01:04]} Nf5 {[%emt 0:01:31]} 29. Rf3 {[%emt 0:01:51]} Rd8 {[%emt 0:02:22]} 30. Ne1 {[%emt 0:09:58]} Nxe3 {[%emt 0:00:45]} 31. Rxe3 {[%emt 0:00:46]} Bxf4 {[%emt 0:00:26]} 32. Re4 {[%emt 0:00:23]} Bg5 {[%emt 0:00:59]} 33. Nc2 {[%emt 0:00:42]} Bf6 {[%emt 0:01:20]} 34. Kg2 {[%emt 0:00:21]} h6 {[%emt 0:02:13]} 35. b4 {[%emt 0:01:07]} e5 {[%emt 0:02:43]} 36. dxe5 {[%emt 0:01:27]} Rxe5 {[%emt 0:01:13]} 37. Rxe5 {[%emt 0:00:23]} Bxe5 {[%emt 0:00:10]} 38. b5 {[%emt 0:00:05]} Rd2+ {[%emt 0:02:35]} 39. Kf3 {[%emt 0:01:13]} Rd3+ {[%emt 0:01:18]} 40. Ke4 {[%emt 0:01:22]} Rc3 {[%emt 0:00:07]} 41. Rxc3 {[%emt 0:03:13]} Bxc3 {[%emt 0:00:08]} 42. Ne3 {[%emt 0:00:05]} g6 {[%emt 0:01:14]} 43. Nd5 {[%emt 0:00:04]} f5+ {[%emt 0:01:01]} 44. Kf3 {[%emt 0:00:19]} Bd4 {[%emt 0:05:09]} 45. Ne7+ {[%emt 0:00:43]} Kf7 {[%emt 0:00:27]} 46. Nc6 {[%emt 0:00:11]} Bc5 {[%emt 0:00:20]} 47. Nxa7 {[%emt 0:00:45]} Ke6 {[%emt 0:01:30]} 48. Nc6 {[%emt 0:00:09]} g5 {[%emt 0:02:00]} 49. a5 {[%emt 0:00:06]} bxa5 {[%emt 0:00:32]} 50. Nxa5 {[%emt 0:00:04]} h5 {[%emt 0:00:35]} 51. Nc4 {[%emt 0:00:11]} Kd5 {[%emt 0:00:58]} 52. Nd2 {[%emt 0:00:51]} Bd6 {[%emt 0:03:50]} 53. b6 {[%emt 0:02:36]} g4+ {[%emt 0:00:32]} 54. hxg4 {[%emt 0:00:32]} hxg4+ {[%emt 0:00:04]} 55. Kg2 {[%emt 0:00:06]} Kc6 {[%emt 0:02:56]} 56. Nc4 {[%emt 0:00:32]} Bc5 {[%emt 0:02:54]} 57. Ne5+ {[%emt 0:00:15]} Kd5 {[%emt 0:00:04]} 1/2-1/2